Barbie as The Island Princess - Characters by Picture - Statistics

General Stats
  • This quiz has been taken 81 times
  • The average score is 8 of 20
Answer Stats
Picture Answer % Correct
Rosella
100%
Tika
85%
Prince Azul Vasu Morantha IV
73%
Prince Antonio
55%
Tallulah
55%
Princess Luciana
48%
Sagi
47%
Queen Danielle
43%
Queen Ariana
33%
King Peter
28%
Queen Marissa
25%
Pat, Nat and Matt
23%
Princess Rita
22%
Princess Gina
20%
Princess Sofia
18%
Riki, Taji, Kiki and Fang
17%
Tiny
17%
Frazer
15%
Lorenzo
15%
Gerard
10%
No matching quizzes found
Score Distribution
Percent of People with Each Score
Percentile by Number Answered
Your Score History
You have not taken this quiz